| 000 | 01049nam a2200253Ia 4500 | ||
|---|---|---|---|
| 008 | 130821s1952 ag a gr spa | ||
| 040 |
_aCo-BoUCM _bspa |
||
| 041 | 0 | 0 | _aspa |
| 100 | 1 |
_aDeming, William Edwards _91488 |
|
| 245 | 1 | 0 |
_aSobre teoría del muestreo _cWilliam Edwards Deming , traducción de Marta C. Dieulefait |
| 260 |
_aRosario (Santa Fé, Argentina) _bEmilio Fenner _c1952 |
||
| 300 |
_axvii, 651 páginas _bilustraciones, gráficas |
||
| 490 | 0 |
_aBiblioteca Interamericana de Estadística Teórica y Aplicada. _aSección B |
|
| 500 | _aDonación Dr. Álvaro Daza Roa. | ||
| 500 | _aIncluye índice. | ||
| 650 | 0 | 4 |
_aAnálisis estadístico _98994 |
| 650 | 0 | 4 |
_aEncuestas _vModelos matemáticos _914184 |
| 650 | 0 | 4 |
_aMatemáticas _919031 |
| 650 | 0 | 4 |
_aMuestreo (Estadística) _919877 |
| 700 | 1 |
_aDieulefait, Marta C. _etrad. _9141861 |
|
| 710 | 2 |
_aComisión de Educación Estadística del Instituto Interamericano de Estadística _9141862 |
|
| 942 |
_cLIBRO _a25 _e1 _mD381s _2DEWEY _h519.52 |
||
| 999 |
_c71405 _d71405 |
||